000 00523nam a22001937a 4500
005 20260320153705.0
010 _aENG-148083
020 _a9789334274318
_c450.00
035 _aEN-131615
037 _bDBAD
082 _a881.08
_22
100 _aR J Kalpana
_988695
245 _aFeminism and Poetry/
_bR.J Kalpana
250 _a2
260 _aVasista Theosophical Trust
_bR J Kalpana
_c2025
270 _aVasista Theosophical Trust
300 _a286p.
_c21cm.(pb)
942 _2ddc
_cEN
_h881.08
_mRJK
999 _c215705
_d215705